00533nam a22002177a 450000500170000000800410001702000180005804100080007608200180008410000170010224500510011926000200017026000170019026000090020730000180021649000230023465000110025765000140026865000150028265000180029720260413173939.0180514b2000 xxu||||| |||| 00| 0 spa d a9780754804659 aESP a796.815 G653k aGoodman, Fay aKung Fu:tae kwondo, tae chi- -IATDO- Shint Ryu aEstados Unidos  bLorenz Books c2000 a128 páginas aTemática General aKUN FU aWING CHUN aTAEKWONDO  aTAI CHI CHUAN